000
00228nam a2200097Ia 4500
005
20251222114413.0
008
251222s1900||||xx |||||||||||||| ||spa||
082
_a
DVD0070/S31/1976
245
0
_a
Taxi Driver:Taxi Driver
942
_c
DVD
999
_c
2103
_d
2103